000 00800nam a22002297a 4500
005 20140616142900.0
008 080922t xxu||||| |||| 00| 0 eng d
010 _aB-348670-701
020 _c325.00
_a9788131718261
035 _aB-348670-701
037 _bUBH
040 _adpl
_bEnglish
082 _a000
100 _aThorpe, Edgar
245 _aThe pearson guide to the SSC combined graduate level (preliminary) examination /
_cby Edgar Thorpe [and] Showick Thorpe
260 _aNew Delhi
_bDorling Kindersley
_c2008
270 _a482, F.I.E. Patparganj
_bDelhi
_e110092
300 _aVarious pagings
_c25 cm (pbk)
700 _aThorpe, Showick
942 _2ddc
_cEN
_mTHO
_h000
999 _c23967
_d23967